| 000 | 00383pam a2200145 a 4500 | ||
|---|---|---|---|
| 020 | _a0201347113 | ||
| 050 | 0 | 0 |
_aQA154.2 _b.D82 1999 |
| 100 | 1 | _aDugopolski, Mark. | |
| 245 | 1 | 0 |
_aCollege algebra / _cMark Dugopolski. |
| 250 | _a2nd ed. | ||
| 260 |
_aReading, Mass. : _bAddison-Wesley, _cc1999. |
||
| 300 | _a1 v. (various pagings) : | ||
| 500 | _aIncludes index. | ||
| 942 |
_2lcc _cGEN |
||
| 999 |
_c10042 _d10042 |
||